000 00805nam a22002535i 4500
001 18514
003 ES-MaACL
005 20230906151845.0
007 t|
008 020128s1983 sp ||||0| spa j
020 _a84-01-33215-X
040 _aM-BN
_bspa
_cM-BN
080 _a32(44)"19"
080 _a329(44) P.S.F
100 1 _aPeyrefitte, Alain.
_991598
245 1 0 _aCuando la rosa se marchite
_b: del equívoco a la esperanza /
_cAlain Peyrefitte ; [traducción de J. Ferrer Aleu].
250 _a[1ª ed.].
260 _aEsplugues de Llobregat, Barcelona :
_bPlaza & Janés,
_c1983.
300 _a381 p ;
_c21 cm.
610 2 7 _aParti socialiste (Francia)
_96127
651 4 _aFrancia-
_xHistoria-
_yS.XX.
_98703
700 1 _aFerrer Aleu, J.
_950442
852 _aES-MaACL
_jG-3793
_bR.130928
999 _c18514
_d18514